000 00324nam a22001337a 4500
008 250416b |||||||| |||| 00| 0 eng d
020 _a0679726993
050 _aHD8066
_b.W67
100 _aGUTMAN, G. Herbert
245 _aWho Built America
260 _aNew York
_bLibrary of Congress
_c1989
300 _a606p.
942 _cBK
999 _c3015
_d3015